LEADER 00956nam a2200253 i 4500 001 991004313238107536 005 20240320120906.0 008 240320s1973 it e 000 0 ita d 040 $aBibl. Dip.le Aggr. Scienze Giuridiche - Sez. Centro Studi sul Rischio 082 1 $a371.$214 100 1 $aBorghi, Lamberto$024611 245 03$aIl metodo dei progetti :$bun capitolo della storia dell'educazione attiva /$cLamberto Borghi ; (con testi di W. H. Kilpatrick) 260 $aFirenze :$bLa nuova Italia,$c1973 300 $a132 p. ;$c20 cm 490 1 $aEducatori antichi e moderni ;$v118 500 $aNona ristampa della prima edizione del 1953, contiene: testi di W. H. Kilpatrick 650 7$aDidattica$xMetodi 650 7$aScuola attiva 650 7$aApprendimento 700 1 $aKilpatrick, William Heard 830 0$aEducatori antichi e moderni ;$v118 912 $a991004313238107536 996 $aMetodo dei progetti$9274413 997 $aUNISALENTO